Crim i càstig / (Record no. 188488)

MARC details
000 -LEADER
campo de control de longitud fija 00679nam a2200217 i 4500
001 - NÚMERO DE CONTROL
campo de control 188488
003 - IDENTIFICADOR DE NÚMERO DE CONTROL
campo de control ES-MaACL
005 - FECHA Y HORA DE LA ÚLTIMA TRANSACCIÓN
campo de control 20251019063058.0
008 - DATOS DE LONGITUD FIJA--INFORMACIÓN GENERAL
campo de control de longitud fija 181211s1965 sp |||| | cat d
100 1# - ENTRADA PRINCIPAL--NOMBRE DE PERSONA
Nombre de persona Dostoievski, Fiódor,
Fechas asociadas al nombre 1821-1881
9 (RLIN) 242371
245 10 - MENCIÓN DEL TÍTULO
Título Crim i càstig /
Mención de responsabilidad, etc. Fiodor Dostievski ; traducció del rus per Andreu Nin.
250 ## - MENCION DE EDICION
Mención de edición 2ª ed.
260 ## - PUBLICACIÓN, DISTRIBUCIÓN, ETC.
Lugar de publicación, distribución, etc. Barcelona :
Nombre del editor, distribuidor, etc. Proa,
Fecha de publicación, distribución, etc. 1965.
300 ## - DESCRIPCIÓN FÍSICA
Extensión 2 v. ;
Dimensiones 17 cm.
490 1# - MENCIÓN DE SERIE
Mención de serie Biblioteca a tot vent ;
Designación de volumen o secuencia 108
700 1# - ENTRADA AGREGADA--NOMBRE PERSONAL
Nombre de persona Nin, Andreu.
9 (RLIN) 85748
830 1# - PUNTO DE ACCESO ADICIONAL DE SERIE-TÍTULO UNIFORME
Título uniforme Biblioteca a tot vent ;
Designación de volumen o secuencia 108
9 (RLIN) 225704
852 ## - LOCALIZACIÓN
Ubicación ES-MaACL
Número de control de estantería C-24754-55
852 ## - LOCALIZACIÓN
Ubicación ES-MaACL
Número de control de estantería C-24740-41
Holdings
Estatus retirado Estado de pérdida Estado de daño No para préstamo Biblioteca de origen Biblioteca actual Ubicación en estantería Fecha de adquisición Fuente de adquisición Total de préstamos Signatura topográfica completa Código de barras Visto por última vez Precio de reemplazo Tipo de ítem Koha
        Biblioteca del Ateneo de Madrid Biblioteca del Ateneo de Madrid Depósito 2 11/12/2018     C-27740-41 1199414 23/02/2023 23/02/2023 Libro impreso
        Biblioteca del Ateneo de Madrid Biblioteca del Ateneo de Madrid Depósito 2 11/12/2018     C-24754-55 1199406 23/02/2023 23/02/2023 Libro impreso